Statistics for Pokemon Moves Starting with the Letter P

Click here to take the quiz!

General Stats

  • This quiz has been taken 38 times
    (12 since last reset)
  • The average score is 45 of 59

Answer Stats

TypePhys/Spec/StatusSpecial EffectAnswer% Correct
DarkStatusLowers foe Atk. and Spec. Atk., User switches outParting Shot
100%
FlyingPhysicalN/APeck
100%
NormalStatusAll Pokémon will faint in 3 turns if not switched outPerish Song
100%
PsychicSpecialPhysical or Special based upon user Necrozma highest statPhoton Geyser
100%
ElectricPhysicalAll normal type moves become Electric this turn. Signature
of Zeraora
Plasma Fists
100%
FlyingPhysicalUser eats foe berry if holding onePluck
100%
PoisonPhysicalMay poison foePoison Sting
100%
GhostPhysicalFails if foe not holding itemPoltergeist
100%
NormalPhysicalAttacks 10 times. Signature of Maushold linePopulation Bomb
100%
NormalStatusStops almost all other moves from affecting userProtect
100%
PsychicSpecialMay confuse foePsybeam
100%
PsychicSpecialMay lower foe Spec. Def.Psychic
100%
PsychicStatusCreates Terrain that boost Psychic types in various waysPsychic Terrain
100%
DarkPhysicalHits targets switching out, for double damagePursuit
100%
FirePhysical10% Chance of burn. Signature of CinderacePyro Ball
100%
NormalStatusUser and target HP is added together and equally splitPain Split
83%
NormalPhysicalUser earns extra money after battlePay Day
83%
GhostPhysicalUser becomes incorporeal 1st turn, hits through protect and detectPhantom Force
83%
BugPhysicalHits 2-5 timesPin Missile
83%
PoisonStatusPoisons foePoison Gas
83%
PoisonStatusPoisons foePoison Powder
83%
BugSpecialIf target is ally, restores their HP by 1/2Pollen Puff
83%
NormalPhysicalN/APound
83%
BugStatusIf foe would use fire move that turn they lose 1/4 HP insteadPowder
83%
IceStatusMay freeze foePowder Snow
83%
PsychicStatusUser averages Atk. and Spec. Atk stats with targetPower Split
83%
PsychicStatusUser switches Atk. and Spec. Atk. changes with targetPower Swap
83%
FightingPhysicalRaises users Atk.Power-Up Punch
83%
GroundPhysicalSignature of GroudonPrecipice Blades
83%
NormalPhysicalPower differs randomly, chance to heal foePresent
83%
PsychicPhysicalPower increases with Sharpness or on Electric Terrain.
Signature of Iron Leaves
Psyblade
83%
PsychicSpecialDamage calculation uses targets Def. instead of Spec. Def.Psyshock
83%
ElectricSpecialUser receives 1/2 damage inflicted as recovery HPParabolic Charge
67%
GrassPhysicalN/APetal Blizzard
67%
GrassSpecialUser locked into move for 2-3 turns, confused afterPetal Dance
67%
PoisonPhysicalMay leave foe badly poisoned (ie toxic)Poison Fang
67%
PoisonPhysicalMay poison foePoison Jab
67%
PoisonPhysicalMay poison foe, High Crit. RatePoison Tail
67%
RockSpecialN/APower Gem
67%
PsychicStatusUser switches own Atk. and Def. statsPower Trick
67%
DarkPhysicalMore powerful if user has stat boostsPower Trip
67%
PsychicSpecialUser must recharge after use. Signature of NecrozmaPrismatic Laser
67%
PsychicPhysicalRemoves Light Screen/Reflect/Aurora VeilPsychic Fangs
67%
PsychicPhysicalHigh Crit. RatePsycho Cut
67%
PsychicStatusUser transfers status to targetPsycho Shift
67%
NormalStatusUser copies stat changes of targetPsych Up
67%
PsychicSpecialDamage calculation uses targets Def. instead of Spec. Def.Psystrike
67%
PsychicSpecialDeals damage equal to 50-150% of users levelPsywave
67%
DarkPhysicalDoubles in power if user moves after targetPayback
50%
ElectricSpecialPower based on Friendship. Signature of Partner Pikachu.Pika Papow
50%
NormalStatusLowers foe Atk.Play Nice
50%
FairyPhysicalMay lower foe Atk.Play Rough
50%
BugPhysicalLowers foe Speed 1 stagePounce
50%
PsychicSpecialLowers users Spec. Atk. by stagesPsycho Boost
50%
PsychicPhysicalRaises user Defense 1 stage. Signature of Stantler linePsyshield Bash
50%
DarkPhysicalDeals more damage for each stat increase of targetPunishment
50%
PoisonStatusCures status, then heals 50% HP. Signature of PyukumukuPurify
50%
GrassPhysicalN/APower Whip
33%
NormalStatusSwitches user Atk. and Sp. Atk. with Def. and Sp. Def.Power Shift
17%

Score Distribution

Percentile by Number Answered

Percent of People with Each Score

Your Score History

You have not taken this quiz since the last reset